| 000 | 00524cam a22001577a 4500 | ||
|---|---|---|---|
| 008 | 180718b1956 xxu||||| |||| 00| 0 eng d | ||
| 082 | _aB263x73 K133 | ||
| 100 | _aHeller, Francis H. | ||
| 245 |
_aOur stake in the federal system _cby Francis H. Heller and Kansas. University. Governmental Research Center |
||
| 260 |
_a _b _c1956 |
||
| 300 | _a22p. | ||
| 440 | _aCitizen's Pamphlet, 18 | ||
| 650 | _aFederal - State Relations | ||
| 650 | _aFederalism - U.S.A. | ||
| 700 | _aKansas. University. Governmental Research Center | ||
| 999 |
_c480234 _d480234 |
||